[Event "Perenyi Memorial"]
[Site "Gyula"]
[Date "2000.01.30"]
[Round "7"]
[White "Zhang, Pengxiang"]
[Black "Ni, Hua"]
[Result "1-0"]
[WhiteElo "2562"]
[BlackElo "2390"]
[Annotator "Alterman,B"]
[PlyCount "81"]
[EventDate "2000.01.24"]
[EventType "tourn"]
[EventRounds "13"]
[EventCountry "HUN"]
[EventCategory "9"]
[SourceTitle "CBM 076"]
[Source "ChessBase"]
[SourceDate "2000.05.31"]
[SourceVersion "1"]
[SourceVersionDate "2000.05.31"]
[SourceQuality "1"]

1. d4 Nf6 2. Nc3 c5 3. d5 g6 4. e4 d6 5. Nf3 Bg7 6. Bc4 {Rare continie.Most
popular here 6.Bb5+} (6. Bb5+ $1) 6... O-O 7. O-O Nbd7 $6 {[%mdl 16384] Knight
has nothing to do here .Much better was} (7... Na6 8. h3 Nc7 9. Re1 e5 10. dxe6
Bxe6 11. Bxe6 Nxe6 12. Qd3 Qd7 13. Be3 Rad8 14. Rad1 a6 15. b3 Rfe8 16. Nd5
Nxd5 17. exd5 Nc7 18. c4 b5 19. Bf4 b4 20. Rxe8+ Rxe8 21. Re1 a5 22. Rxe8+ {
Grischuk,A-Malakhov,V/Porto San Giorgio 1999/EXT 2000/1/2-1/2 (35)}) (7... Bg4
$1 {Black has to use the position of white bishop on c4!} 8. h3 Bxf3 9. Qxf3
Nbd7 {[%csl Re5]}) 8. Bf4 $146 (8. a4 Rb8 9. Re1 Ne8 10. Bf1 a6 11. Bf4 Ne5 12.
Nd2 Nc7 13. a5 Bd7 14. Qc1 f5 15. exf5 Rxf5 16. Bg3 Qf8 17. Nde4 b5 18. axb6
Rxb6 19. b3 Ng4 20. Qd2 Bd4 21. Rad1 Kh8 22. h3 Nf6 {Kobalija,M-Batsanin,D/
Sochi 1998/EXT 99/1-0 (38)}) (8. h3 a6 9. a4 b6 10. Bf4 Rb8 11. Re1 Nh5 12. Bh2
b5 13. axb5 axb5 14. Nxb5 Nb6 15. Bf1 Bxb2 16. Ra2 Bg7 17. c4 Bd7 18. g4 Bxb5
19. cxb5 Nf6 20. Nd2 Ra8 21. Qb3 Qc7 22. Nc4 Nfd7 {Terasti,P-Miettinen,K/FIN
1995/EXT 99/0-1 (64)}) 8... Ne8 9. Re1 Nb6 10. Bf1 e5 11. dxe6 Bxe6 12. a4 {
[%csl Gb6,Rd6]} Nd7 13. Nb5 {[%csl Rd6]} Bg4 (13... Bxb2 14. Rb1 Bg7 15. Nxd6
b6 16. Bb5 {With unpleasant pressure.}) 14. Nxd6 Be5 {[%mdl 8192]} (14... Qf6
$5 15. Nf5 $1 gxf5 16. Qxd7 Bxf3 17. gxf3 fxe4 18. Bg3 $1 {White has a two
powerful bishops.}) 15. Bxe5 Bxf3 16. Qd5 (16. Nxb7 $1 Bxd1 17. Nxd8 Bxc2 18.
Nc6 Nxe5 19. Nxe5 $16) 16... Nc7 (16... Nxe5 17. Qxe5 Qxd6 18. Qxd6 Nxd6 19.
gxf3 Rfd8 $16) 17. Nf5 (17. Nxf7 Rxf7 18. Bxc7 Qxc7 19. gxf3 Ne5 $44 {[%csl
Rf3,Gf4]}) 17... gxf5 18. Bxc7 Qxc7 19. Qxf5 {[%csl Rf3] Black's bishop in the
trap.White's has material advantage and strong kingside attack is well.} Bxg2
20. Bxg2 Rae8 21. Ra3 $18 {[%cal Ga3g3]} Ne5 22. Rg3+ Ng6 23. e5 (23. Rd1 {
[%cal Gd1d7]} Re7 24. h4 Re5 25. Rd7 $18) 23... Qd8 24. Qh5 Qd2 25. Rh3 h6 26.
Ree3 Re6 27. Qxh6 Rd8 28. Bf1 Qc1 (28... Rd4 29. Qh7+ Kf8 30. Rhf3 Rd7 31. Rf6
$18 {[%cal Rf6e6]}) 29. Qh7+ Kf8 30. Rhf3 Rd7 31. Rd3 (31. Rf6 $1) 31... Nxe5
32. Rxf7+ Nxf7 33. Rxd7 Qg5+ 34. Kh1 Rf6 35. Bc4 Qc1+ 36. Kg2 Rxf2+ 37. Kxf2
Qf4+ 38. Ke1 Qe3+ 39. Kd1 Qg1+ 40. Kd2 Qg5+ 41. Kc3 1-0

[Event "Scandic Hotels CC"]
[Site "Stockholm"]
[Date "1999.07.31"]
[Round "1"]
[White "Brynell, Stellan"]
[Black "Agrest, Evgenij"]
[Result "1/2-1/2"]
[WhiteElo "2488"]
[BlackElo "2554"]
[Annotator "Alterman,B"]
[PlyCount "69"]
[EventDate "1999.07.31"]
[EventType "tourn"]
[EventRounds "9"]
[EventCountry "SWE"]
[EventCategory "9"]
[SourceTitle "CBM 073"]
[Source "ChessBase"]
[SourceDate "1999.12.01"]
[SourceVersion "1"]
[SourceVersionDate "1999.12.01"]
[SourceQuality "1"]

1. e4 d6 2. d4 g6 3. Nf3 Bg7 4. Be2 Nf6 5. Nc3 O-O 6. O-O c5 7. d5 Na6 8. Bf4
Nc7 9. a4 b6 10. Re1 Bb7 11. h3 Re8 (11... a6 12. Rb1 (12. Bc4 Nh5 13. Bh2 b5
14. axb5 Bxc3 15. bxc3 axb5 16. Bf1 Rxa1 17. Qxa1 f5 18. e5 Bxd5 19. Nd2 f4 20.
c4 bxc4 21. Nxc4 Bxc4 22. exd6 {0-1 Kochyev,A-Hodgson,J/Tallinn 1987/EXT 97 
(68)}) (12. Bf1 Qd7 13. Qd2 b5 14. Bh6 b4 15. Nd1 e6 16. Bxg7 Kxg7 17. dxe6
Nxe6 18. Bd3 Qc7 19. c4 Rae8 20. b3 Kg8 21. Qh6 Nd4 22. Ne3 Nxf3+ 23. gxf3 {
1/2-1/2 Nicholson,J-Jacobs,B/London 1986/EXT 99 (35)}) 12... Qd7 13. b4 Nxe4
14. Nxe4 Nxd5 15. Qd2 Nxb4 16. Bc4 Qxa4 17. Bb3 Qd7 18. Bh6 Rae8 19. Bxg7 Kxg7
20. Ne5 Qf5 21. Ng3 Qc8 22. Nh5+ {1-0 Greenfeld,A-Hodgson,J/Tel Aviv 1988/CBM
07 (22)}) 12. Bc4 (12. Bh2 Bf8 13. Bc4 Bh6 14. Qd3 a6 15. Rad1 Nh5 16. Qf1 Bf4
17. g3 Be5 18. Nxe5 dxe5 19. f4 exf4 20. g4 Ng7 21. Qxf4 Rc8 22. Qh6 Rf8 23. e5
b5 24. Ne4 f6 25. exf6 {1-0 Yegiazarian,A-Ardeleanu,A/Ubeda 1998/CBM 62 ext 
(36)}) (12. Bf1 Qd7 13. Nd2 Rad8 14. Nc4 Nh5 15. Bg5 h6 16. Bh4 Ba6 17. Na3
Bxf1 18. Rxf1 a6 19. Nc4 Rb8 20. Qf3 b5 21. Na5 e5 22. Nc6 Rb7 23. axb5 axb5
24. Ra7 {1-0 Fominyh,A-Ciemniak,R/Katowice 1991/EXT 97 (41)}) 12... a6 (12...
Nd7 13. e5 dxe5 14. Nxe5 Nxe5 15. Bxe5 Qd7 16. Bxg7 Kxg7 17. Re5 Rad8 18. Qe2
e6 19. dxe6 Nxe6 20. Bxe6 Rxe6 21. Rxe6 Qxe6 22. Qxe6 fxe6 23. a5 {1/2-1/2
Zilberstein,V-Furman,S/Tbilisi 1973/MCD (36)}) 13. Qd2 $6 {[%mdl 8]} (13. Qd3
Nd7 14. e5 dxe5 15. Nxe5 Nxe5 16. Bxe5 Qd7 17. Bxg7 Kxg7 18. Rad1 Rad8 19. b3
Qf5 20. Qg3 {1-0 Kluger,G-Tal,M/Kislovodsk 1964/EXT 98 (59)}) 13... Qd7 14. e5
Nh5 15. Bh2 b5 $1 {This is a point .Black gets a strong contplay in the Queen
side,when white pawn on d5 become weak.} 16. Ba2 f5 17. Rad1 c4 18. Qg5 b4 19.
g4 {Black won positional struggle and white's attempt to attack the black king
looks logical.} fxg4 (19... Nf6 20. Ne2 $1 (20. exf6) 20... Ne4 21. Qh4 Bxd5
22. Nf4 Bf7 23. Rxe4 $1 $40 {[%cal Gf3g5,Rh4h7,Ga2g8]}) 20. hxg4 Nf6 21. Ne4
Nxe4 22. Rxe4 b3 (22... Qxa4 $5 23. Bxc4 (23. Rxc4 Qxa2 24. Rxc7 Bxd5 $13)
23... Qxc2 24. Rde1 Rf8 $1) 23. cxb3 Bxd5 24. Re3 Ne6 (24... Rf8 $1 25. exd6
Bxf3 26. Rxe7 Qxg4+ 27. Qxg4 Bxg4 28. Rde1 Nd5 29. bxc4 $44) 25. Qh4 cxb3 26.
Bb1 Bxf3 27. Rxf3 Qxa4 28. Rh3 Nf8 29. exd6 exd6 30. Bxd6 Rad8 31. Rhd3 Ne6 32.
Rh3 Nf8 33. Rhd3 Ne6 $2 {[%mdl 8192] Much better was to take a pawn.} (33...
Bxb2 34. Qg5 (34. Qg3 Re4 $1 35. Qf3 Rxg4+ $17) (34. Bxf8 Rxd3 35. Bxd3 Rxf8
$19) 34... Ne6 35. Qd5 Ba3 $1 {And white lost material.}) 34. Rh3 Nf8 35. Rhd3
1/2-1/2

[Event "Novak Nikolic Memorial 2nd"]
[Site "Belgrade"]
[Date "2000.02.07"]
[Round "5"]
[White "Damljanovic, Branko"]
[Black "Vuckovic, Bojan"]
[Result "1/2-1/2"]
[WhiteElo "2534"]
[BlackElo "2427"]
[Annotator "Alterman,B"]
[PlyCount "88"]
[EventDate "2000.02.02"]
[EventType "tourn"]
[EventRounds "11"]
[EventCountry "YUG"]
[EventCategory "11"]
[SourceTitle "CBM 076"]
[Source "ChessBase"]
[SourceDate "2000.05.31"]
[SourceVersion "1"]
[SourceVersionDate "2000.05.31"]
[SourceQuality "1"]

1. d4 Nf6 2. Nf3 c5 3. d5 g6 4. Nc3 Bg7 5. e4 O-O 6. Be2 d6 7. O-O Na6 8. h3
Nc7 9. Re1 a6 10. a4 b6 11. Bf4 Bb7 12. Bc4 Qd7 13. Qd3 Rad8 14. Rad1 Qc8 15.
Qe3 Rfe8 16. Qc1 $146 (16. Bh6 Bh8 (16... e5 17. dxe6 Nxe6 18. Bxg7 Kxg7 19.
Nd5 Bxd5 20. Bxd5 Nxd5 21. exd5 Nc7 22. Qc3+ Kg8 23. Qd2 {1/2-1/2 Livshits,
R-Day,L/North Bay 1995/EXT 2000 (23)}) 17. Ng5 Nd7 18. f4 Bg7 19. Bxg7 Kxg7 20.
e5 b5 21. axb5 Nb6 22. bxa6 Nxc4 23. axb7 Qxb7 24. Qe4 Nxb2 25. Rb1 Qb4 26.
Qxb4 cxb4 27. Nce4 $16 {1-0 Ivanchuk,V-Torre,E/Biel 1989/CBM 14/[ChessBase] 
(35)}) 16... Qa8 {[%mdl 32] Preparing for attacking the center after e7-e6!} (
16... Qd7 17. e5 $1) 17. Bh6 (17. Bh2 e6 $1 18. dxe6 Nxe6 {[%csl Ge4]} 19. Nd5
Nxd5 20. Bxd5 Bxd5 21. exd5 Nd4 22. Nxd4 cxd4 $11 {[%csl Rd5]}) 17... e6 {
[%mdl 4]} (17... Bh8 18. Qf4 $36) 18. Bxg7 Kxg7 19. dxe6 (19. Qd2 exd5 20. exd5
Rxe1+ 21. Rxe1 Re8 $11 {[%csl Rd5]}) 19... Nxe6 {[%csl Ge4]} 20. Nd5 Bxd5 21.
Bxd5 Nxd5 22. exd5 Nc7 23. c4 Rxe1+ 24. Rxe1 Re8 {White has some space
advantage but it's not enought for a win.} 25. Qc3+ f6 26. b4 (26. Rb1 a5 $1
$11 {[%csl Rb4]} (26... Qd8 27. b4 $1 $16)) 26... Rxe1+ 27. Qxe1 Qe8 28. Qxe8 (
28. Qb1 $2 Qxa4 29. bxc5 bxc5 30. Qb7 Qd7) 28... Nxe8 29. a5 bxa5 (29... cxb4
$4 30. axb6 $18) 30. bxa5 f5 $11 {Now draw is obvious.} 31. Ng5 Nc7 32. f4 h6
33. Nf3 Ne8 {[%csl Ge4][%cal Ge8f6]} 34. Kf2 Nf6 35. Ke3 Ne4 36. Ne1 Kf6 37.
Nd3 Ke7 38. g4 Kf6 39. h4 h5 40. gxh5 gxh5 41. Ne1 Ke7 42. Nf3 Kf6 43. Ng5 Nxg5
44. fxg5+ Kf7 1/2-1/2

[Event "Veliko Gradiste Silver Lake op"]
[Site "Veliko Gradiste"]
[Date "2016.06.21"]
[Round "4"]
[White "Atalik, Suat"]
[Black "Milovic, Jovan"]
[Result "1-0"]
[WhiteElo "2572"]
[BlackElo "2347"]
[Annotator "Atalik,S"]
[PlyCount "101"]
[EventDate "2016.06.19"]
[EventType "swiss"]
[EventRounds "9"]
[EventCountry "SRB"]
[SourceTitle "CBM 174"]
[Source "ChessBase"]
[SourceDate "2016.09.13"]
[SourceVersion "1"]
[SourceVersionDate "2016.09.13"]
[SourceQuality "1"]

1. d4 c5 2. d5 e6 3. Nc3 a6 {My Montenegran opponent likes this rare system.}
4. g3 $5 $146 {It is a real surprise that no one else has played this natural
move.} (4. a4 d6 5. e4 $14) 4... b5 5. Bg2 (5. dxe6 fxe6 6. Bg2 $16) 5... Bb7
6. Nh3 $1 b4 7. Na4 Nf6 8. Bg5 $5 {White has a huge lead in development.} (8.
e4 d6 (8... exd5 9. e5 Ne4 10. f3) 9. dxe6 fxe6 10. Ng5 $40) 8... d6 9. O-O (9.
Nf4 e5 10. Nh5 Nbd7 11. c4 $16) 9... e5 10. Bxf6 gxf6 $6 (10... Qxf6 11. Nb6
Ra7 12. Nc4 (12. c3 Qd8 13. Qa4+ Nd7 14. Nxd7 Qxd7 15. Qxd7+ Kxd7 16. cxb4 cxb4
17. f4 f6 $1 $14 {and the c-file's importance is not as great as it seems.})
12... Nd7 13. f4 $16) 11. e3 h5 12. c3 Nd7 13. Be4 (13. cxb4 $6 cxb4 14. Be4
Qa5 15. Bf5 Bxd5 16. Bxd7+ Kxd7 17. Nb6+ Qxb6 18. Qxd5 Be7 $13) 13... Bc8 14.
Bf5 (14. cxb4 $2 Nb6 $1) 14... Rb8 15. f4 h4 16. g4 $1 Bh6 17. Kh1 $2 {White
has achieved a good position after a bunch of good moves. However due to his
knights on the rim he has to be very careful.} (17. Nf2 exf4 18. Ne4 $1 fxe3
19. Nxd6+ Kf8 20. c4 $16 {is the way to proceed.}) ({Actually here or there I
would like to play c4 at some moment.} 17. c4 Nb6 18. Bxc8 Qxc8 19. Nxb6 Rxb6
20. Kh1 $16) 17... Qa5 $2 {The b-file should have been opened.} (17... bxc3 $1
18. b3 Nb6 19. Bxc8 c2 20. Qxc2 Qxc8 21. Nxb6 Rxb6 22. Nf2 exf4 23. Ne4 f5 24.
Qc3 Kd7 25. g5 fxe4 26. gxh6 f3 27. Qf6 Qf8 28. Qf5+ Kc7 29. Qxe4 Rxh6 30. Rxf3
Rb4 31. Qf5 $14 {and after all Black may survive.}) 18. g5 $2 (18. Nf2 exf4 19.
Ne4 fxe3 20. Nxd6+ Ke7 21. Nxc8+ Rbxc8 22. d6+ Kd8 23. Bxd7 Kxd7 24. Qd5 $3
Qxa4 {and well, I missed one good check!} 25. Qb7+ $1 Ke6 26. Rxf6+ Kxf6 27.
Rf1+ $18) 18... Bg7 19. g6 $2 {To push c4 is always the right approach.} (19.
fxe5 Nxe5 20. gxf6 Bh6 21. Bxc8 Rxc8 22. Nf2 $16) (19. c4 $1 Nb6 20. Bxc8 Nxa4
21. fxe5 Rxc8 22. exf6 Bf8 23. g6 fxg6 24. Nf4 $18) 19... fxg6 20. Bxg6+ (20.
Rg1 $2 gxf5 21. Rxg7 bxc3 22. bxc3 c4 $17) 20... Kd8 21. Bf5 $1 Bh6 $2 (21...
bxc3 $1 22. bxc3 (22. b3 $2 c4) (22. Nxc3 Rxb2 23. Ne4 Bf8 $13) 22... Nb6 23.
Bxc8 Qxa4 24. Qxa4 Nxa4 25. Bxa6 $14) 22. c4 $1 {Now it looks like Black has a
very difficult time.} (22. b3 $5) 22... Nb6 23. Bxc8 Nxa4 24. Be6 (24. Bg4 $142
Nxb2 25. Qc2) 24... Nxb2 (24... exf4 25. Nxf4 Bxf4 26. exf4 $18) 25. Qb3 $6 {
An unnecessary finesse.} (25. Qe2) (25. Qc2 {should deliver the result quicker.
}) 25... Qa3 (25... Na4 26. fxe5 fxe5 27. Rf7 Nb6 28. Qd3 $1 {and the queen
participates in the attack in a decisive way.}) 26. Rfb1 (26. fxe5 fxe5 27. Rf7
$18) 26... Nxc4 (26... Qxb3 27. axb3 Nxc4 (27... Nd3 28. Bf5) 28. bxc4 Rb6 29.
Kg2 $18) 27. Qxc4 exf4 (27... Qxe3 28. Rb3 (28. Qxa6) 28... Qd2 29. Qxa6 $18)
28. Rb3 Qa4 29. Nxf4 Qb5 30. Qxb5 $6 {The attack should have continued!} (30.
Qe4 $1 c4 31. Rc1 cxb3 32. Qg6 $18) 30... axb5 (30... Rxb5 31. Nd3 $1 (31. a3
Bxf4 32. exf4 a5 33. Kg2 Kc7 $44) 31... Kc7 32. Nb2 $18) 31. Ng6 Rh7 32. Nxh4
c4 $1 33. Rxb4 Bxe3 34. Nf3 $1 ({This was much easier than} 34. Nf5 Bd2 35. a3
Ra7 36. Rbb1 Bc3 37. Ra2 $18) 34... Bc5 35. Rb2 Kc7 36. Rc2 $18 {The rest is
rather easy.} Kb6 (36... Ra8 37. Rb1 Ra3 38. Nd2) 37. Rb1 Ra8 38. Nd2 c3 (38...
Ka5 39. Ne4) 39. Ne4 Bd4 40. Nxc3 (40. Nxd6 b4 41. Rxb4+ Kc5 42. Rc4+ Kxd6 43.
Rxd4 $18) 40... Bxc3 41. Rxc3 Rxa2 42. h3 Rg7 43. Rcb3 Ra5 (43... Rgg2 44.
Rxb5+ Ka7 45. Ra5+ $18) 44. h4 Rh7 45. Rh3 Ra4 46. h5 Kc5 47. h6 b4 48. Rh4 Rh8
49. Rc1+ Kb6 50. h7 Ra7 51. Rxb4+ 1-0

[Event "Cappelle op 19th"]
[Site "Cappelle la Grande"]
[Date "2003.02.22"]
[Round "1"]
[White "Atalik, Suat"]
[Black "Heberla, Bartlomiej"]
[Result "1-0"]
[WhiteElo "2581"]
[BlackElo "2389"]
[Annotator "Atalik,S"]
[PlyCount "62"]
[EventDate "2003.02.22"]
[EventType "swiss"]
[EventRounds "9"]
[EventCountry "FRA"]
[SourceTitle "EXT 2004"]
[Source "ChessBase"]
[SourceDate "2003.11.25"]
[SourceVersion "1"]
[SourceVersionDate "2003.11.25"]
[SourceQuality "1"]

1. d4 g6 2. c4 Bg7 3. Nf3 {usually I do not do that but probably I would like
to apply a fianchetto system that day.} c5 4. d5 d6 5. e4 e6 6. Nc3 exd5 7.
cxd5 a6 8. a4 Ne7 $5 ({Black had the oppurtunity to channelize the game into
one of the main lines of Modern Benoni.} 8... Bg4 9. Be2 Bxf3 10. Bxf3 Nf6 (
10... Ne7 {I am not fascinated for this.Nf6 exerts more pressure in whites
center.} 11. O-O O-O 12. Bf4 f5 13. Qd2) 11. O-O O-O 12. Bf4 Qe7 13. Re1 Nbd7
14. a5 $13) 9. g3 $5 $146 {Some very strange idea.} (9. Be2 Bg4 10. Nd2 Bxe2
11. Qxe2 O-O 12. O-O Nd7 13. Nc4 Ne5 14. Bf4 Nxc4 15. Qxc4 $14) 9... O-O 10.
Bg2 Bg4 11. Qc2 {Forcing black to exchange.} Bxf3 {That is in black's agenda.}
(11... Nd7 $2 12. Nd2 {is embarassing!}) (11... f5 12. Ng5 fxe4 13. Qxe4 Bf5
14. Qe2 $16 (14. Qh4 $2 {Decenteralisation usually results in something bad.}
h5 15. Ne6 Bxe6 16. dxe6 Nbc6 17. Bg5 Qb6 18. Bxe7 Rxf2 $3 (18... Qxb2 $2 19.
O-O Nxe7 20. Qxe7 Qxc3 21. Qxb7 $16) 19. Kxf2 Qxb2+ 20. Ne2 Bd4+ 21. Qxd4 Nxd4
22. Rae1 Qd2 $1 $19)) 12. Bxf3 Nd7 13. O-O Ne5 {Black seeks his chances in the
kingside.} (13... Rb8 14. a5 b5 15. axb6 Rxb6 $13) 14. Bg2 f5 $2 {However this
looks like a sacrifice.Sometimes in this game you can sacrifice not only
material but squares!} (14... c4 15. Be3 Nd3 16. a5) 15. Ne2 $1 $16 {There is
a big hole in e6!} fxe4 16. Qxe4 Nf5 17. Nf4 Re8 {Black comes up with the best
possible defense,he pretends that Ne6 is not making any damage there.} (17...
Nd4 18. Be3 Nc4 (18... g5 19. Ne6 Nxe6 20. dxe6 g4 21. Qxb7 $16) 19. Ne6 $1 $16
) 18. Ne6 Qe7 19. Bd2 $1 {Bishop should switch the diagonal it belongs to.} (
19. Bf4 Bf6 20. Bh3 Ng7 $14) 19... Nd4 {The best reaction.} (19... Bf6 20. Bc3
Ng7 21. Bh3 Nf7 22. f4 $16) 20. Nxd4 cxd4 21. Bh3 $1 Qf6 22. Bf4 $8 {In
opposite colored bishops white has all the chances.} g5 23. Bxe5 Rxe5 $6 {
The other recapture is more to the point.} (23... Qxe5 24. Qf3 Qe2 25. Qf5 $1 (
25. Qb3 $2 g4 $132) 25... Qe5 26. Rac1 Qxf5 27. Bxf5 Re2 28. f4 gxf4 29. Rxf4
d3 30. Bxd3 Rxb2 31. Rc7 $16) 24. Qc2 {I did not wanna get hit by Re3 when I
would have pushed f4.} (24. Qd3 $16 {Looks like more plain.}) 24... Kh8 (24...
Rxd5 $4 25. Qb3 Qf7 26. Rae1 Be5 27. f4 gxf4 28. gxf4 $18 (28. Rxf4 Bxf4 29.
Be6 Rf5 30. Bxf7+ Rxf7 31. gxf4 $18)) (24... Qf3 25. Be6+ Kh8 26. Ra3 $40) 25.
Be6 Rf8 26. f4 $18 {Now black is under serious attack.} Re3 $2 {And my young
opponent immediately got cracked under this attack.} ({Black could put up a
decent fight with} 26... gxf4 27. Rxf4 Qg6 28. Rxf8+ Bxf8 29. Qc4 (29. Qc8 $2
Qh6 30. Rf1 Qe3+ 31. Kg2 Qe2+ $11) 29... Qe4 30. Rf1 Qe3+ 31. Rf2 Qe1+ 32. Kg2
Qe4+ 33. Rf3 Kg7 $8 (33... Qe2+ 34. Qxe2 Rxe2+ 35. Kf1 $18) 34. Qc7+ Kh6 35. g4
$1 Qe2+ 36. Kg3 Qe1+ 37. Kh3 $18) 27. fxg5 {Now the result was there.} Qe5 (
27... Qxg5 28. Rxf8+ Bxf8 29. Rf1 Be7 30. Rf7 $1 Re1+ 31. Kg2 d3 32. Qc8+ Bd8
33. Rf8+ Kg7 34. Rg8+ $18) 28. Rxf8+ Bxf8 29. Qf2 $1 {This swing is very
efficient!} Bg7 ({Black can not shut down the c line!} 29... Be7 30. Rc1 $18)
30. Rc1 {Now it is all over!} h6 31. Rc8+ Kh7 {He resigned when I was
pondering about the way I should deliver the checkmate!} (31... Kh7 32. Qf5+ (
32. Bf5+ Qxf5 33. Qxf5#) (32. g6+ Kxg6 33. Qf7+ Kh7 34. Rh8+ Kxh8 35. Qg8#)
32... Qxf5 33. Bxf5#) 1-0

[Event "Sigeman & Co 14th"]
[Site "Malmo"]
[Date "2006.05.05"]
[Round "8"]
[White "Atalik, Suat"]
[Black "Cicak, Slavko"]
[Result "1-0"]
[WhiteElo "2632"]
[BlackElo "2506"]
[Annotator "Atalik,S"]
[PlyCount "79"]
[EventDate "2006.04.28"]
[EventType "tourn"]
[EventRounds "9"]
[EventCountry "SWE"]
[EventCategory "13"]
[SourceTitle "CBM 113"]
[Source "ChessBase"]
[SourceDate "2006.07.31"]
[SourceVersion "1"]
[SourceVersionDate "2006.07.31"]
[SourceQuality "1"]

1. d4 e6 2. c4 c5 3. d5 exd5 4. cxd5 d6 5. Nc3 Be7 $6 (5... g6 6. e4 Bg7 7. Bd3
Ne7 8. h4 $5 $13 (8. h3 O-O 9. Nf3)) 6. Nf3 a6 (6... Bf6 7. Qa4+ Bd7 (7... Nd7
8. Bf4) 8. Qb3 Qc7 9. Bf4 $16) 7. a4 Nd7 (7... Bf6 8. Bf4 (8. Ra3 $5) 8... Ne7
9. Ne4 $1 $16 {shows us why Be7-f6 is worse than g6,Bg7.}) 8. e4 Bf6 9. Bf4 Qc7
(9... Qb6 10. Qc2) 10. Bc4 $1 {White already started to have serious threats.}
(10. Bg3 Nh6) 10... Nb6 (10... Ne7 11. e5 dxe5 12. d6 Qc6 13. dxe7 exf4 14. O-O
Kxe7 15. Re1+ Kf8 16. Qe2 Nb6 17. Ne5 f3 18. Qd3 $1 $18 {with a terrible
attack.}) 11. Be2 (11. e5 $2 Nxc4 12. exf6 Nxf6 (12... gxf6) 13. Qe2+ Qe7 14.
b3 Qxe2+ 15. Kxe2 Na5 ({or} 15... Nh5 {refutes white's idea.})) 11... Bg4 12.
a5 Nd7 $2 {This is the real mistake in the game.} (12... Bxf3 {Black should
never go for bishop to bishop exchange and instead should perform} 13. Bxf3 (
13. axb6 Bxc3+ 14. bxc3 Bxe2 15. Qa4+ Qd7 16. Kxe2 Qxa4 17. Rxa4 Ke7 18. f3 Nf6
$11) (13. Nb5 axb5 14. axb6 Rxa1 15. Qxa1 Qxb6 16. gxf3 $13) 13... Nd7 14. Bg4
Ne7 15. O-O (15. Bxd7+ $6 Qxd7 16. Na4 Rd8 17. Nb6 Qb5) (15. Qa4 Rd8) 15... O-O
16. Bxd7 Qxd7 17. Na4 Rad8 18. Nb6 Qb5 19. Ra3 Bd4 $14) 13. Nd2 Bxe2 14. Qxe2
Ne5 (14... Ne7 15. Nc4 Nc8 16. Na4 O-O 17. O-O Re8 18. Rac1 $16 {with a
terrible bind.}) 15. Bxe5 Bxe5 16. Nc4 Qe7 17. Nxe5 (17. O-O Bd4) 17... Qxe5
18. O-O g5 19. Na4 $1 {Knight heads to c4.} Rd8 20. Nb6 Nf6 21. Nc4 Qe7 22.
Rae1 $1 (22. f4 $5 gxf4 (22... Nxd5 23. fxg5 $18) (22... Qxe4 23. Rae1 (23.
Qxe4+ $2 Nxe4 24. Rae1 f5 25. g4 O-O 26. gxf5 Rde8 27. fxg5 Nxg5 28. Rxe8 Rxe8
29. Nxd6 Rd8 30. Nxb7 Rxd5) 23... Qxe2 24. Rxe2+ Kf8 25. fxg5 Nxd5 26. Rd2 Ne7
27. Nxd6 Nc8 28. Rxf7+ Kg8 29. Rf6 $18) 23. Rae1 Nd7 24. Rxf4 O-O $16) 22...
Nd7 (22... O-O 23. h4 $1 (23. f4 gxf4 24. Rxf4 Nd7) 23... g4 24. e5 $5 (24. Qe3
Kh8 25. Qc3 $1 $18) 24... dxe5 25. d6 Qe6 26. Qxe5 $18) 23. h4 $1 {Another
exact move.I was trying to provoke him to play h6 and only then э will switch
to f4 plan making it very difficult to castle after that.} (23. f4 gxf4 24.
Rxf4 O-O $16) 23... h6 (23... gxh4 24. f4 Rg8 25. e5 $18) 24. f4 gxf4 25. Rxf4
Ne5 $8 (25... O-O 26. Qh5 Kh7 27. Ref1 f6 28. Qf5+ Kh8 29. Qe6 $18) 26. Nxe5
dxe5 {A sad necessity.} (26... Qxe5 27. Qg4 (27. Qf2 $2 Rd7 28. Rf5 Qd4 29. Re3
Kd8 $16) (27. Ref1 Rd7 (27... O-O 28. Rf6) 28. Qg4) 27... Rd7 28. Ref1 Rf8 29.
Qe6+ $1 Qxe6 30. dxe6 Re7 31. exf7+ Rexf7 32. Rxf7 Rxf7 33. Rxf7 Kxf7 34. g4
$18) 27. Rf5 Qxh4 28. Rxe5+ $1 (28. Ref1 O-O 29. Rh5 Qg3 (29... Qe7 $2 30. Qg4+
Kh7 31. Rxh6+ Kxh6 32. Rf5 $18) 30. Rxh6 $16) 28... Kd7 29. Rf1 Rhe8 30. Rxf7+
Kc8 (30... Kd6 31. Ref5 (31. Re6+ Rxe6 32. dxe6 Kc6 33. b4 $18) 31... Rxe4 32.
R5f6+ Kxd5 33. Qd3+ Ke5 34. Qc3+ Kd5 35. Rf5+ Kd6 36. Qxc5+ Ke6 37. Qb6+ Rd6
38. R5f6+ $18) 31. Rff5 $6 {I have made only here a questionable move.} (31.
Qe3 $1 Kb8 32. Rf4 $1 $18 {Is what I could not see in this game.}) (31. Rxe8
Rxe8 32. Qe3 Kb8 33. Qf4+ Qxf4 34. Rxf4 Kc7 35. Kf2 $18 {should also win.})
31... Rxe5 32. Rxe5 Rf8 33. d6 $18 {Now starts a king hunt.} Kd7 34. Re7+ Kxd6
35. Rxb7 Ke5 36. Qd2 (36. b4 $6 c4 (36... cxb4 37. Qb2+ Ke6 38. Qb3+ Kf6 39.
Qf3+ $18) 37. Qb2+ Ke6 38. Rb6+ Kf7 $16) 36... Rd8 (36... Qg5 37. Qd5+ Kf4 38.
Qd6+ Kg4 39. Qxf8 $18) (36... Qf6 37. Qd5+ Kf4 38. Rb3 Qd4+ 39. Qxd4 cxd4 40.
Rf3+ $18) 37. Qc3+ Kxe4 (37... Rd4 38. Qxc5+ Kxe4 39. Re7+ $18) (37... Ke6 38.
Qc4+ Kf6 39. Rf7+ Kg6 40. Qe6+ $18) 38. Re7+ $1 {This is shorter} (38. Qc4+ {
than} Rd4 39. Re7+ (39. Qe2+ Kf5 (39... Kd5 40. Rd7+ Kc6 41. Qe6+ Kb5 42. Rb7+
Kxa5 43. Qb6+ Ka4 44. Qxa6#) 40. Rf7+ Kg6 41. Qe6+ Kh5 42. Rf5+ $18) 39... Kf5
(39... Kf4 40. Qf7+) 40. Qe6+ Kg5 41. Rg7+ $18) 38... Kf5 39. Qe5+ Kg4 40. Rg7+
{End of the road for black's king.} 1-0